书目信息 |
| 题名: |
残疾人事业概论
|
|
| 作者: | 张金福 , 范莉莉 主编 | |
| 分册: | ||
| 出版信息: | 南京 南京大学出版社 2019.01 |
|
| 页数: | 241页 | |
| 开本: | 26cm | |
| 丛书名: | ||
| 单 册: | ||
| 中图分类: | D669.69 | |
| 科图分类: | ||
| 主题词: | 残疾人--can ji ren--社会福利事业--中国--高等学校--教材 | |
| 电子资源: | ||
| ISBN: | 978-7-305-21634-3 | |
| 000 | 00912nam0 2200253 450 | |
| 001 | 0109110111 | |
| 005 | 20201109110335.0 | |
| 010 | @a978-7-305-21634-3@dCNY39.00 | |
| 100 | @a20190508d2019 em y0chiy50 ea | |
| 101 | 0 | @achi |
| 102 | @aCN@b320000 | |
| 105 | @ay z 000yy | |
| 106 | @ar | |
| 200 | 1 | @a残疾人事业概论@Acan ji ren shi ye gai lun@f张金福, 范莉莉主编 |
| 210 | @a南京@c南京大学出版社@d2019.01 | |
| 215 | @a241页@d26cm | |
| 300 | @a高等学校“十三五”特殊教育规划教材 | |
| 330 | @a本书共分14章,介绍了残疾人政策法规、残疾人事业组织建设、残疾人权利保障、残疾人康复、残疾人教育、残疾人就业、残疾人社会保障、残疾人扶贫、残疾人文化体育事业等内容。 | |
| 606 | 0 | @a残疾人@Acan ji ren@x社会福利事业@y中国@x高等学校@j教材 |
| 690 | @aD669.69@v5 | |
| 701 | 0 | @a张金福@Azhang jin fu@4主编 |
| 701 | 0 | @a范莉莉@Afan li li@4主编 |
| 801 | 0 | @aCN@bBJSZM@c20201103 |
| 905 | @b1266916-9@dD669.69@e261@f4 | |
| 残疾人事业概论/张金福, 范莉莉主编.-南京:南京大学出版社,2019.01 |
| 241页;26cm |
| 高等学校“十三五”特殊教育规划教材 |
| ISBN 978-7-305-21634-3:CNY39.00 |
| 本书共分14章,介绍了残疾人政策法规、残疾人事业组织建设、残疾人权利保障、残疾人康复、残疾人教育、残疾人就业、残疾人社会保障、残疾人扶贫、残疾人文化体育事业等内容。 |
| ● |
| 相关链接 |
|
|
|
|
正题名:残疾人事业概论
索取号:D669.69/261
 
预约/预借
| 序号 | 登录号 | 条形码 | 馆藏地/架位号 | 状态 | 备注 |
| 1 | 1266916 | 212669165 | 第一样本阅览室/ [索取号:D669.69/261] | 在馆 | |
| 2 | 1266917 | 212669174 | 教育系资料室/ [索取号:D669.69/261] | 在馆 | |
| 3 | 1266918 | 212669183 | 教育系资料室/ [索取号:D669.69/261] | 在馆 | |
| 4 | 1266919 | 212669192 | 第一借阅区/ [索取号:D669.69/261] | 在馆 |